World Press Photo 04 (Record no. 2015)

MARC details
000 -CABECERA
campo de control de longitud fija 00842nam a2200229 a 4500
001 - NÚMERO DE CONTROL
campo de control BRCA_2267
005 - FECHA Y HORA DE LA ÚLTIMA TRANSACCIÓN
campo de control 20190320203733.0
008 - DATOS DE LONGITUD FIJA--INFORMACIÓN GENERAL
campo de control de longitud fija 950509s2004####ne-a######---#000-1#spa-#
041 ## - CÓDIGO DE LENGUA
Código de lengua del texto/banda sonora o título independiente spa
044 ## - CÓDIGO DEL PAÍS DE LA ENTIDAD EDITORA/PRODUCTORA
Código MARC del país ne
050 #4 - SIGNATURA TOPOGRÁFICA DE LA BIBLIOTECA DEL CONGRESO
Número de clasificación TR820
Número de documento/Ítem .W67 2004
245 10 - MENCIÓN DE TÍTULO
Título World Press Photo 04
Mención de responsabilidad, etc. editor Kari Lundelin ; traducción Silvana Laguardia.
260 ## - PUBLICACIÓN, DISTRIBUCIÓN, ETC.
Lugar de publicación, distribución, etc. Ámsterdam
Nombre del editor, distribuidor, etc. Fundación World Press Photo
Fecha de publicación, distribución, etc. 2004
300 ## - DESCRIPCIÓN FÍSICA
Extensión 156 p.
Otras características físicas il. (algunas a color)
Dimensiones 30 cm.
500 ## - NOTA GENERAL
Nota general Catálogo de la exposición realizada en el Museo Franz Mayer (Ciudad de México), 21 octubre - 14 noviembre, 2004
500 ## - NOTA GENERAL
Nota general Incluye lista de países participantes
650 14 - PUNTO DE ACCESO ADICIONAL DE MATERIA--TÉRMINO DE MATERIA
Término de materia o nombre geográfico como elemento de entrada Fotoperiodismo
Subdivisión de forma Exposiciones
Subdivisión general Premios
9 (RLIN) 5406
650 14 - PUNTO DE ACCESO ADICIONAL DE MATERIA--TÉRMINO DE MATERIA
Término de materia o nombre geográfico como elemento de entrada Fotografía
Subdivisión de forma Exposiciones
Subdivisión general Premios
9 (RLIN) 5407
700 1# - PUNTO DE ACCESO ADICIONAL--NOMBRE DE PERSONA
Nombre de persona Lundelin, Kari
9 (RLIN) 6806
700 1# - PUNTO DE ACCESO ADICIONAL--NOMBRE DE PERSONA
Nombre de persona Laguardia, Silvana
9 (RLIN) 5408
942 ## - ELEMENTOS DE PUNTO DE ACCESO ADICIONAL (KOHA)
Fuente del sistema de clasificación o colocación Library of Congress Classification
Tipo de ítem Koha Libros
Holdings
Estado de retiro Estado de pérdida Estado dañado No para préstamo Localización permanente Ubicación/localización actual Fecha de adquisición Total de préstamos Signatura topográfica completa Código de barras Fecha visto por última vez Precio válido a partir de Tipo de ítem Koha
El ejemplar forma parte de la colección y puede ser consultado según las políticas vigentes.       Biblioteca del Museo Franz Mayer (Rogerio Casas-Alatriste) Biblioteca del Museo Franz Mayer (Rogerio Casas-Alatriste) 14/08/2008   TR820 .W67 2004 02405 22/03/2019 22/03/2019 Libros